| 000 | 00621nam a22001817a 4500 | ||
|---|---|---|---|
| 005 | 20241130113733.0 | ||
| 008 | 241130b |||||||| |||| 00| 0 eng d | ||
| 020 | _a9780131225466 | ||
| 050 |
_aQD33.2 _b.H54 |
||
| 100 | _aHill, John W. | ||
| 245 |
_aChemistry for changing times/ _cJohn W. Hill, Doris K. Kolb with special contribution by Steven W. Keller |
||
| 250 |
_a10th ed. _bInternational edition |
||
| 260 |
_aUpper Saddle River, New Jersey _bPearson Prentice Hall _c2004 |
||
| 300 |
_axxix.669p. _bill. some color _c25cm |
||
| 700 | _aKolb, Doris K. | ||
| 700 | _aKeller, Steven W. | ||
| 942 |
_2lcc _cBK _e10th ed. _n0 |
||
| 999 |
_c1828 _d1828 |
||